000 00344nam a22001457a 4500
008 210427b ||||| |||| 00| 0 eng d
020 _a0553050613
041 _aeng
080 _a37
082 _a37
100 _a46
101 _aEDU
245 _aWhat they don't Teach you at Harvard Business School
_cMark H. McCormack
942 _2udc
_cBK
999 _c56797
_d56797